01775nam a2200361 4500003000400000005001700004007001500021008004100036040000800077100004300085245041900128264004200547300004100589336002700630337002900657338003900686502003300725504005200758505006300810650003200873650002400905650004500929650004300974650002401017650001701041700004101058700005301099700003901152700003801191700004301229700005001272856009101322OSt20250214091815.0cr ||||||a|c|a240430s2023 mx |||fom||| 001 0 spa d erda1 aMonreal Rentería, María del Carmen10aImpacto de la productividad, los precios y la producción campesina y empresarial en la economía lechera- bovina de Zacatecas / cpor María del Carmen Monreal Rentería; dirección José Luis Ríos Flores; codirectora Nidia Susana Sifuentes Rodríguez; secretario Ignacio Caamal Cahuich; vocal Felipe Jerónimo Asencio; suplente Sigifredo Armendáriz Erives; suplente Nidia Susana Sifuentes Rodríguez 1aChapingo, México :bEl autor,c2023 a1 recurso en línea (67 páginas). 2rdacontentatextobtxt 2rdamediaacomputadorabc 2rdacarrierarecurso en líneabcr bLAHPcFitotecniad2023.gLIC aIncluye referencias bibliográficas: páginas aincluye índice, índice de cuadros, índice de figuras 4aGanado bovinoxProducción 4aLechexProducción 4aIndustria lecheraxAspectos económicos 4aGanado bovinoxAspectos económicos  4aLechexProducción 4aHato lechero1 aRíos Flores, José LuiseDirector1 aSifuentes Rodríguez, Nidia SusanaeCodirectora1 aCaamal Cauich, IgnacioeSecretario1 aJerónimo Asencio, FelipeeVocal1 aArmendariz Erives, SigifredoeSuplente1 aSifuentes Rodríguez, Nidia SusanaeSuplente uhttp://10.13.5.2/tesis/tl/1411659-4_MONREAL_RENTERIA_MARIADELCARMEN.pdfzDESCARGAR PDF